000 00873cam a2200205 4500
001 3887
005 20181127172143.0
008 070518r20072005nyua 000 1 eng
010 _a 2007020901
020 _a0312949227
020 _a978031249228
100 1 _aArcher, Jeffrey,
_d1940-
245 1 0 _aCat o'nine tales and other stories /
_cJeffrey Archer ; drawings by Ronald Searle.
260 _aNew York :
_bSt. Martin's Paperbacks,
_c2008.
300 _aix, 341 p. :
_bill. ;
_c18 cm.
505 0 _aThe man who robbed his own post office -- Maestro -- Don't drink the water -- It can't be October already -- The red king -- The wisdom of Solomon -- Know what I mean? -- Charity begins at home -- The alibi -- A Greek tragedy -- The Commissioner -- In the eye of the beholder.
650 0 _aFraud
_vFiction.
655 0 _aShort stories.
655 7 _aShort stories.
_2gsafd
999 _c3167
_d3167